Oz the Great and Powerful (2013): Characters by Picture - Statistics

General Stats
  • This quiz has been taken 8 times
  • The average score is 3 of 6
Answer Stats
Picture Answer % Correct
Oscar Diggs, the Wizard of Oz
100%
Glinda, the Good Witch of the South
67%
Theodora, the Wicked Witch of the West
50%
China Girl
33%
Evanora, the Wicked Witch of the East
33%
Finley
17%
No matching quizzes found
Score Distribution
Percent of People with Each Score
Percentile by Number Answered
Your Score History
You have not taken this quiz